Krainy geograficzne Polski - Quiz na mapie - Statystyki

Ogólne statystyki
  • Ten quiz został rozwiązany 11 728 razy
  • Średni wynik to 10 z 29
Odpowiedzi na mapie
Odpowiedzi zakodowano w zielono-czerwonej skali na mapie do tego quizu, zgodnie z poniższymi procentami.
 
Statystyki odpowiedzi
Odpowiedź % Poprawnych
Bieszczady
58%
Nizina Mazowiecka
49%
Pojezierze Mazurskie
48%
Nizina Podlaska
47%
Pobrzeże Koszalińskie
47%
Tatry
47%
Nizina Szczecińska
45%
Pojezierze Wielkopolskie
43%
Wyżyna Lubelska
43%
Żuławy Wiślane
42%
Pojezierze Pomorskie
40%
Kotlina Sandomierska
38%
Nizina Śląska
37%
Roztocze
37%
Góry Świętokrzyskie
33%
Góry Stołowe
30%
Pieniny
29%
Wyżyna Krakowsko-Częstochowska
28%
Wyżyna Śląska
28%
Karpaty
26%
Gorce
25%
Góry Izerskie
24%
Karkonosze
24%
Sudety
24%
Wał Trzebnicki
24%
Kotlina Kłódzka
21%
Kotlina Oświęcimska
20%
Niecka Nidziańska
20%
Wyżyna Małopolska
15%
Nie znaleziono quizów pasujących do podanych kryteriów
Rozkład punktacji
Procent ludzi z każdym wynikiem
Percentyl według liczby udzielonych odpowiedzi
Twoja historia wyników
Nie rozwiązałeś tego quizu